00766pab a2200229 454500008004000000100002200040245010900062260000900171300001600180362000800196650002000204650002900224650002500253650003200278650002200310650002700332650001100359773003400370909001000404999001700414952010500431180718b2006 xxu||||| |||| 00| 0 eng d aMooney, Margarita aThe Catholic Bishops conferences of the United states and France: engaging immigration as a public issue c2006 ap.1455-470. aJul aChurch - France aReligion - United States aImmigration - France aImmigration - United States aReligion - France aChurch - United States aChurch aAmerican Behavioral Scientist a70266 c70266d70266 00104070aIIPAbIIPAd2018-07-19hVolume no: 49, Issue no: 11pAR70726r2018-07-19w2018-07-19yAR